000 00461nab a2200145Ia 4500
003 ES-SlBCS
005 20210601131736.0
008 140529s1947 xxu||||| |||| 00| 0 fre d
041 _afre
100 1 _aVincent, Hubert
_9165412
245 0 0 _aUn témoignage vivant: l'oeuvre de Patrice de La Tour du Pin
_c Hubert Vincent
600 1 4 _aLa Tour du Pin, Patrice de
_9188473
773 0 _tVie Intelectuelle (La)
_gnº. 7, 1947, págs. 117-130
_wRev907
942 _cAR
999 _c568008
_d568008